00229nam a2200085Ia 4500008004100000082001700041100002200058245004300080300002000123230907s9999||||xx |||||||||||||| ||und|| a333.7932,BIG aBiggar, Darryl R. 4aThe economics of electricity markets / axx, 409 pages ;